[Event "EU-ch rapid"]
[Site "Tallinn"]
[Date "2016.12.15"]
[Round "4"]
[White "Movsesian, Sergei"]
[Black "Malakhov, Igor"]
[Result "1/2-1/2"]
[WhiteElo "2673"]
[BlackElo "2454"]
[PlyCount "103"]
[EventDate "2016.12.15"]
[EventType "swiss (rapid)"]
[EventRounds "11"]
[EventCountry "EST"]
[SourceTitle "CBM 176 Extra"]
[Source "ChessBase"]
[SourceDate "2017.03.02"]
[SourceVersion "1"]
[SourceVersionDate "2017.03.02"]
[SourceQuality "1"]

1. Nf3 c5 2. g3 Nf6 3. Bg2 g6 4. 0-0 Bg7 5. d3 d5 6. Nbd2 0-0 7. e4 Nc6 8. c3 e6 9. Re1 a5 10. a4 b6 11. exd5 exd5 12. Nf1 h6 13. Bf4 Be6 14. Ne5 Nxe5 15. Bxe5 Qd7 16. d4 c4 17. Ne3 Rfe8 18. Bxf6 Bxf6 19. Qf3 Kg7 20. Nxd5 Bxd5 21. Qxd5 Qxd5 22. Bxd5 Rxe1+ 23. Rxe1 Rc8 24. Bb7 Rc7 25. Ba6 g5 26. Bb5 g4 27. d5 Re7 28. Kf1 Rxe1+ 29. Kxe1 Be7 30. Bxc4 Kf6 31. Ke2 Bd6 32. Bb5 Ke5 33. Be8 f5 34. c4 Ke4 35. b3 Bc5 36. Bh5 Ke5 37. f3 gxf3+ 38. Kxf3 Be7 39. Be8 Bb4 40. Bd7 Ba3 41. Kg2 Bb4 42. Kh3 Be7 43. Bc8 Kf6 44. Be6 Ke5 45. Kg2 Bb4 46. Kf3 Ba3 47. Bc8 Bb4 48. Ke3 Bc5+ 49. Kd3 Bg1 50. h3 Bf2 51. Be6 Kd6 52. g4 1/2-1/2

[Event "Chigorin Memorial 24th"]
[Site "St Petersburg"]
[Date "2016.10.23"]
[Round "9"]
[White "Malakhov, Igor"]
[Black "Tologontegin, Semetey"]
[Result "0-1"]
[WhiteElo "2456"]
[BlackElo "2371"]
[PlyCount "84"]
[EventDate "2016.10.15"]
[EventType "swiss"]
[EventRounds "9"]
[EventCountry "RUS"]
[SourceTitle "CBM 175 Extra"]
[Source "ChessBase"]
[SourceDate "2016.12.12"]
[SourceVersion "1"]
[SourceVersionDate "2016.12.12"]
[SourceQuality "1"]

1. e4 e6 2. d4 b6 3. Nf3 Bb7 4. Bd3 Nf6 5. Qe2 d5 6. e5 Nfd7 7. Ng5 g6 8. h4 Qe7 9. h5 Bg7 10. c3 Nc6 11. Na3 0-0-0 12. Bd2 Rde8 13. 0-0-0 f6 14. Nxh7 Rxh7 15. Bxg6 Bf8 16. exf6 Nxf6 17. Bg5 Bh6 18. Bxh6 Rxh6 19. Bxe8 Qxe8 20. g4 Rh8 21. Rdg1 Kb8 22. Nc2 Bc8 23. f4 Ne7 24. Ne1 Bd7 25. Nf3 Qf8 26. Qe3 Kb7 27. Kb1 Nxg4 28. Rxg4 Qf5+ 29. Kc1 Qxg4 30. Ne5 Qg2 31. Rg1 Qh2 32. Nxd7 Nf5 33. Qe1 Qxf4+ 34. Kb1 Ne3 35. a3 Rxh5 36. Qe2 Nc4 37. Rg2 Rh1+ 38. Ka2 Qf5 39. Rg8 a5 40. Rb8+ Ka7 41. Rc8 a4 42. Rxc7+ Ka6 0-1

[Event "Chigorin Memorial 24th"]
[Site "St Petersburg"]
[Date "2016.10.19"]
[Round "5"]
[White "Malakhov, Igor"]
[Black "Salemgareev, Tagir"]
[Result "1-0"]
[WhiteElo "2456"]
[BlackElo "2305"]
[PlyCount "73"]
[EventDate "2016.10.15"]
[EventType "swiss"]
[EventRounds "9"]
[EventCountry "RUS"]
[SourceTitle "CBM 175 Extra"]
[Source "ChessBase"]
[SourceDate "2016.12.12"]
[SourceVersion "1"]
[SourceVersionDate "2016.12.12"]
[SourceQuality "1"]

1. e4 c5 2. Nf3 d6 3. d4 cxd4 4. Nxd4 Nf6 5. Nc3 a6 6. f4 e5 7. Nf3 Nbd7 8. a4 Be7 9. Bc4 0-0 10. 0-0 Qc7 11. Qe2 exf4 12. Bxf4 Ne5 13. Bb3 Bg4 14. Kh1 Rac8 15. Rad1 Rfe8 16. h3 Be6 17. Nd4 Bc4 18. Bxc4 Nxc4 19. Bc1 Bd8 20. Nf5 Re6 21. Rd4 Qc5 22. Qd1 Ba5 23. Nd5 Rce8 24. Nh6+ Kf8 25. Nxf6 gxf6 26. Nf5 Ne5 27. Qh5 Rc8 28. Qxh7 Ke8 29. Ng7+ Kd7 30. Nxe6 Kxe6 31. Qf5+ Ke7 32. Rd5 Qxc2 33. Qxf6+ Ke8 34. Rxe5+ Kd7 35. Qxf7+ Kc6 36. Qd5+ Kb6 37. Be3+ 1-0

[Event "Chigorin Memorial 24th"]
[Site "St Petersburg"]
[Date "2016.10.15"]
[Round "1"]
[White "Malakhov, Igor"]
[Black "Altshul, Raffael"]
[Result "1-0"]
[WhiteElo "2456"]
[BlackElo "2044"]
[PlyCount "84"]
[EventDate "2016.10.15"]
[EventType "swiss"]
[EventRounds "9"]
[EventCountry "RUS"]
[SourceTitle "CBM 175 Extra"]
[Source "ChessBase"]
[SourceDate "2016.12.12"]
[SourceVersion "1"]
[SourceVersionDate "2016.12.12"]
[SourceQuality "1"]

1. e4 c5 2. Nf3 Nc6 3. Nc3 e5 4. Bc4 Be7 5. d3 Nf6 6. Ng5 0-0 7. f4 exf4 8. Bxf4 d6 9. 0-0 h6 10. Nf3 Na5 11. Qd2 Nxc4 12. dxc4 Be6 13. b3 a6 14. Rad1 b5 15. Bxd6 bxc4 16. e5 Nd7 17. Nd5 Bxd6 18. exd6 cxb3 19. axb3 Bxd5 20. Qxd5 Rc8 21. Rfe1 c4 22. bxc4 Nb6 23. Qb7 Rxc4 24. Rd2 Rc3 25. d7 Nc4 26. Rd4 Na5 27. Qxa6 Rxc2 28. Qd3 Nc6 29. Qxc2 Nxd4 30. Nxd4 Qxd7 31. Nf3 Rc8 32. Qe4 Qa7+ 33. Kh1 Qa2 34. h3 Qb3 35. Qf5 Rd8 36. Re7 Qd1+ 37. Kh2 Qb3 38. Ne5 Rf8 39. Qf4 Qd5 40. Qg3 Qd6 41. Rd7 Qe6 42. Rc7 Qb6 1-0

[Event "St Petersburg rapid"]
[Site "St Petersburg"]
[Date "2016.08.27"]
[Round "4"]
[White "Ponkratov, Pavel"]
[Black "Malakhov, Igor"]
[Result "1-0"]
[WhiteElo "2589"]
[BlackElo "2451"]
[PlyCount "71"]
[EventDate "2016.08.27"]
[EventType "swiss (rapid)"]
[EventRounds "11"]
[EventCountry "RUS"]
[SourceTitle "CBM 174 Extra"]
[Source "ChessBase"]
[SourceDate "2016.10.10"]
[SourceVersion "1"]
[SourceVersionDate "2016.10.10"]
[SourceQuality "1"]

1. Nf3 c5 2. e3 Nf6 3. c4 Nc6 4. Nc3 d5 5. cxd5 Nxd5 6. Bc4 e6 7. Qb3 Nxc3 8. Qxc3 Qa5 9. Rb1 Qxc3 10. bxc3 b6 11. d4 cxd4 12. cxd4 Bb7 13. Bd2 Rc8 14. Bd3 Be7 15. a4 Rc7 16. Ke2 0-0 17. h4 Rd8 18. Rhc1 Rdc8 19. Ng5 h6 20. Nf3 Bd6 21. g4 e5 22. d5 Ne7 23. Rxc7 Rxc7 24. e4 h5 25. gxh5 f5 26. Ng5 fxe4 27. Nxe4 Nf5 28. Rg1 Nd4+ 29. Kd1 Nf3 30. Rg3 Nxd2 31. Nxd6 Bxd5 32. Kxd2 Rd7 33. Nf5 e4 34. Bb5 Bc6+ 35. Ke3 Bxb5 36. axb5 1-0

[Event "Pardubice Czech op-A 27th"]
[Site "Pardubice"]
[Date "2016.07.28"]
[Round "7"]
[White "Alsina Leal, Daniel"]
[Black "Malakhov, Igor"]
[Result "0-1"]
[WhiteElo "2521"]
[BlackElo "2451"]
[PlyCount "132"]
[EventDate "2016.07.22"]
[EventType "swiss"]
[EventRounds "9"]
[EventCountry "CZE"]
[SourceTitle "CBM 173 Extra"]
[Source "ChessBase"]
[SourceDate "2016.08.29"]
[SourceVersion "1"]
[SourceVersionDate "2016.08.29"]
[SourceQuality "1"]

1. e4 c5 2. Nf3 Nc6 3. d4 cxd4 4. Nxd4 g6 5. c4 Nf6 6. Nc3 d6 7. Nc2 Bg7 8. Be2 0-0 9. 0-0 Nd7 10. Bd2 a5 11. Na3 Nd4 12. Nab5 Nxb5 13. cxb5 Nb6 14. Be3 Be6 15. Qd2 Rc8 16. Rfc1 Nc4 17. Bxc4 Rxc4 18. f3 Qd7 19. b6 Rfc8 20. Nd5 Bxd5 21. Qxd5 Rxc1+ 22. Rxc1 Rxc1+ 23. Bxc1 Qc8 24. Be3 Bxb2 25. Qxa5 Qc4 26. Kf2 Kg7 27. Qd5 Qc2+ 28. Kg3 Be5+ 29. f4 Qe2 30. Qb3 Bf6 31. h3 e5 32. Kh2 Qf1 33. Qc3 Qb1 34. Qc4 Qe1 35. Qc1 Qb4 36. Qc2 exf4 37. Bxf4 Qxb6 38. Qd2 Be5 39. Bxe5+ dxe5 40. Qd5 Qb2 41. a4 b6 42. a5 bxa5 43. Qxa5 Qd4 44. Qe1 Qd6 45. Qe3 Qf6 46. Qe2 Qf4+ 47. g3 Qc1 48. h4 Qc6 49. Qe3 Qc2+ 50. Kg1 Qb2 51. Qf3 h6 52. Kf1 Qc2 53. Qe3 Kh7 54. Kg1 Qb2 55. Kh1 Kg7 56. Qe1 f5 57. exf5 gxf5 58. Qd1 Qd4 59. Qb3 Qe4+ 60. Kh2 f4 61. gxf4 Qxf4+ 62. Kh3 h5 63. Qe6 Qf3+ 64. Kh2 Qf6 65. Qd7+ Kh6 66. Kg2 Qg7+ 0-1